00506nam a2200205Ia 450000500170000000800410001702000180005804100080007608200080008410000210009224500460011325000110015926000280017026000110019830000080020965000270021765000230024465000230026701000100029020250425162630.0250425s9999 xx 000 0 und d a9788483228173 aspa a337 aKRUGMAN, PAUL R. 0aECONOMIA INTERNACIONAL: TEORIA Y POLITICA a9A ED. aEspañabPEARSONc2012 aMADRID a752 aECONOMIA INTERNACIONAL aPOLITICA COMERCIAL aPOLITICA ECONOMICA a91549